[Event "Napoli Basile Memorial-B"]
[Site "Napoli"]
[Date "2007.06.14"]
[Round "2"]
[White "Perelli, Giuseppe"]
[Black "Cicero, Leonardo"]
[Result "0-1"]
[WhiteElo "1404"]
[BlackElo "1326"]
[PlyCount "110"]
[EventDate "2007.06.07"]
[EventType "swiss"]
[EventRounds "7"]
[EventCountry "ITA"]
[SourceTitle "EXT 2010"]
[Source "ChessBase"]
[SourceDate "2010.11.25"]
[SourceVersion "1"]
[SourceVersionDate "2010.11.25"]
[SourceQuality "1"]

1. d4 d5 2. c4 e6 3. cxd5 exd5 4. Nc3 Nf6 5. Nf3 Nc6 6. g3 Bf5 7. Bg2 Be7 8. 0-0 0-0 9. Bg5 h6 10. Bf4 a6 11. Ne5 Bd6 12. Nxd5 Bxe5 13. dxe5 Ne4 14. f3 Nc5 15. e4 Be6 16. Rc1 Nd7 17. Qd2 Bxd5 18. exd5 Ncxe5 19. Rfe1 c6 20. Bxe5 Nxe5 21. Rxe5 Qd6 22. f4 Rae8 23. Rce1 Rxe5 24. Rxe5 Rd8 25. Qd3 Qc5+ 26. Kh1 Qc1+ 27. Bf1 cxd5 28. Qe2 Kf8 29. Qf2 d4 30. Re1 Qc6+ 31. Bg2 Qd7 32. Rd1 d3 33. Qc5+ Kg8 34. Bd5 Qxd5+ 35. Qxd5 Rxd5 36. Rd2 f5 37. Kg2 Kf7 38. Kf2 Ke6 39. Kf3 Rd4 40. Ke3 Kd5 41. Rxd3 Rxd3+ 42. Kxd3 g6 43. h4 h5 44. Ke3 a5 45. a4 Kc4 46. Kd2 Kb3 47. Kd3 Kxa4 48. Kc4 b5+ 49. Kc3 b4+ 50. Kc2 Kb5 51. b3 Kc5 52. Kd3 Kb5 53. Kc2 a4 54. bxa4+ Kxa4 55. Kb2 b3 0-1

[Event "Napoli Natale al Vomero 2nd"]
[Site "Napoli"]
[Date "2005.12.02"]
[Round "5"]
[White "Nacciarone, Guido"]
[Black "Cicero, Leonardo"]
[Result "0-1"]
[WhiteElo "1354"]
[BlackElo "1440"]
[PlyCount "64"]
[EventDate "2005.11.03"]
[EventType "swiss"]
[EventRounds "6"]
[EventCountry "ITA"]
[SourceTitle "EXT 2018"]
[Source "ChessBase"]
[SourceDate "2017.10.13"]
[SourceVersion "1"]
[SourceVersionDate "2017.10.13"]
[SourceQuality "1"]

1. e4 c5 2. Nf3 d6 3. Nc3 a6 4. d4 cxd4 5. Nxd4 Nf6 6. h3 e6 7. Bg5 Be7 8. Bc4 Qb6 9. Rb1 Qc5 10. Bb3 Qxg5 11. 0-0 0-0 12. Nf3 Qh6 13. e5 Ne8 14. exd6 Nxd6 15. Qd2 Nc6 16. Qxh6 gxh6 17. Rfe1 Bf6 18. Ne4 Nxe4 19. Rxe4 Bg7 20. c3 Ne7 21. Rg4 e5 22. Rb4 b5 23. Re1 Nc6 24. Rh4 a5 25. Bd5 Bd7 26. Bxc6 Bxc6 27. Nxe5 Rae8 28. Kf1 Bd5 29. Nd7 Rxe1+ 30. Kxe1 Re8+ 31. Kd2 Bxa2 32. Rg4 Rd8 0-1